000 00512nam a2200133Ia 4500
008 171212s9999 xx 000 0 und d
020 _a9780874211603
100 _aMeyer, Richard
245 _cMeyer, Richard
_aCemeteries Gravemarkers
260 _bUniversity Press of Colorado
_c1989
650 _aSepulchral monuments -- United States; Cemeteries -- United States; Epitaphs -- United States; United States -- Social life and customs
650 _aSociology
856 _uhttp://www.jstor.org/stable/j.ctt46nqxw
999 _c353042
_d353042